| 000 | 00616nam a22001937a 4500 | ||
|---|---|---|---|
| 003 | koha_MIRAKIL | ||
| 005 | 20231213100146.0 | ||
| 008 | 231213b |||||||| |||| 00| 0 ||| d | ||
| 020 | _b978-9-75614671-2 | ||
| 040 |
_aTR-IsEVY _btur _cTR-IsEVY |
||
| 082 | _a005.133 CAN/T | ||
| 100 | _aCansu, Fatih Kürşat. | ||
| 245 | 0 | _aTÜBİTAK Ulusal bilgisayar olimpiyatı soruları ve çözümleri 2000-2010 | |
| 260 |
_bAltın Nokta Yayınevi, _c2011 |
||
| 300 | _a402 s. | ||
| 650 | _aBilgisayar bilimi -- Sınavlar, sorular, vb. | ||
| 650 | _aComputer science -- Examinations, questions, etc. | ||
| 942 |
_2ddc _cBK |
||
| 999 |
_c15462 _d15462 |
||